000 00607nam a22001937a 4500
008 231012b |||||||| |||| 00| 0 eng d
020 _a9780750662499
050 _aG 156.5E26 .W43 2009
100 _aWearing, Stephen
245 _a Ecotourism :
_bimpacts, potentials, and possibilities
_cStephen, Wearing
250 _a2nd ed.
260 _aUK:
_bElsevier,
_c2009.
300 _axvii, 303p. :
_bill. ;
_c22cm
500 _aincludes bibliographical references and index.
650 _aecotourism
700 _aJohn
700 _aNail
942 _2lcc
_cBOOKS
_hG 156.5E26 .W43 2009
999 _c31853
_d31853